Países com Mais Tropas Militares - Statistics

Estatísticas Gerais
  • Esse quiz foi jogado 9 670 vezes
    8 568 desde o último reset
  • A pontuação média é 14 de 20
Estatísticas das Respostas
Tropas País % Correto
1,388,100 Estados Unidos
100%
2,185,000 China
98%
1,014,000 Rússia
98%
366,500 Brasil
97%
1,455,550 Índia
91%
1,280,000 Coreia do Norte
90%
247,150 Japão
87%
599,000 Coreia do Sul
84%
610,000 Irã
80%
216,000 México
80%
654,000 Paquistão
71%
438,500 Egito
67%
395,500 Indonésia
65%
227,000 Arábia Saudita
61%
355,200 Turquia
60%
482,000 Vietnã
50%
360,850 Tailândia
48%
293,200 Colômbia
44%
406,000 Myanmar
22%
255,000 Sri Lanka
10%
Nenhum quiz correspondente encontrado
Distribuição das Pontuações
Porcentagem de Pessoas com Cada Pontuação
Percentil de Números Respondidos
Sua Pontuação Histórica
Você não jogou esse quiz desde o último reset